Analýza a identifikácia potrieb rozvoja ostatných zamestnancov výskumná správa
Na minha lista:
| Autor principal: | |
|---|---|
| Autor Corporativo: | |
| Formato: | Livro |
| Idioma: | eslovaco |
| Publicado em: |
Bratislava
2006
|
| Assuntos: | |
| Tags: |
Sem tags, seja o primeiro a adicionar uma tag!
|
MARC
| LEADER | 00000nam$a2200000$$$4500 | ||
|---|---|---|---|
| 001 | 0057915 | ||
| 005 | 20240503072129.7 | ||
| 041 | 0 | |a slo | |
| 044 | |a SK | ||
| 245 | 1 | 0 | |a Analýza a identifikácia potrieb rozvoja ostatných zamestnancov |b výskumná správa |c Michaela Sedmáková |
| 264 | 1 | |a Bratislava |c 2006 | |
| 300 | |a 35 s. | ||
| 610 | 2 | 0 | |a riadenie ľudských zdrojov |
| 610 | 2 | 0 | |a spôsobilosť k práci |
| 610 | 2 | 0 | |a mzdy |
| 610 | 2 | 0 | |a administratíva |
| 610 | 2 | 0 | |a podmienky pracovné |
| 610 | 2 | 0 | |a demografia sociálna |
| 610 | 2 | 0 | |a Ekonomická univerzita v Bratislave |
| 100 | 1 | |a Sedmáková, Michaela | |
| 710 | 2 | |a Národohospodárska fakulta EU. Katedra sociálneho rozvoja a práce | |